US Presidents Born in the Same Year - Statistics

General Stats
  • This quiz has been taken 22 times
  • The average score is 9 of 11
Answer Stats
President Birth (- death) Presidency % Correct
Bill Clinton Aug 19, 1946 1993 – 2001
94%
George H.W. Bush Jun 12, 1924 1989 – 1993
94%
George W. Bush Jul 6, 1946 2001 – 2009
94%
Jimmy Carter Oct 1, 1924 1977 – 1981
94%
John Quincy Adams Jul 11, 1767 – Feb 23, 1848 1825 – 1829
94%
Donald Trump Jun 14, 1946 2017 –
89%
Gerald R. Ford Jul 14, 1913 – Dec 26, 2006 1974 – 1977
89%
Andrew Jackson Mar 15, 1767 – Jun 8, 1845 1829 – 1837
78%
Richard Nixon Jan 9, 1913 – Apr 22, 1994 1969 – 1974
78%
Ulysses S. Grant Apr 27, 1822 – Jul 23, 1885 1869 – 1877
72%
Rutherford B. Hayes Oct 4, 1822 – Jan 17, 1893 1877 – 1881
67%
No matching quizzes found
Score Distribution
Percent of People with Each Score
Percentile by Number Answered
Your Score History
You have not taken this quiz